[Event "Paris-ch IdF"]
[Site "Paris"]
[Date "2023.07.14"]
[Round "6"]
[White "Macon, Arthur"]
[Black "Rakhmangulova, Anastasiya"]
[Result "1/2-1/2"]
[WhiteElo "2348"]
[BlackElo "2347"]
[PlyCount "45"]
[EventDate "2023.07.11"]
[EventType "swiss"]
[EventRounds "9"]
[EventCountry "FRA"]
[SourceTitle "CBM 215 Extra"]
[Source "ChessBase"]
[SourceDate "2023.09.30"]
[SourceVersion "1"]
[SourceVersionDate "2023.09.30"]
[SourceQuality "1"]

1. Nf3 Nf6 2. g3 g6 3. Bg2 Bg7 4. 0-0 0-0 5. d4 d6 6. b3 c5 7. Bb2 cxd4 8. Nxd4 d5 9. c4 dxc4 10. bxc4 Nc6 11. Nxc6 bxc6 12. Nd2 Qc7 13. Qa4 Rb8 14. Nb3 c5 15. Bc3 Nd7 16. Bxg7 Kxg7 17. Rfc1 Rb6 18. Qa5 Bb7 19. Bxb7 Rxb7 20. Rc2 Rfb8 21. Qc3+ Nf6 22. Rd1 Kg8 23. Qe3 1/2-1/2

[Event "Clichy Rapid op"]
[Site "Clichy"]
[Date "2023.07.09"]
[Round "5"]
[White "Macon, Arthur"]
[Black "Senthil, Maran K"]
[Result "1/2-1/2"]
[WhiteElo "2348"]
[BlackElo "2287"]
[PlyCount "63"]
[EventDate "2023.07.09"]
[EventType "swiss (rapid)"]
[EventRounds "9"]
[EventCountry "FRA"]
[SourceTitle "CBM 215 Extra"]
[Source "ChessBase"]
[SourceDate "2023.09.30"]
[SourceVersion "1"]
[SourceVersionDate "2023.09.30"]
[SourceQuality "1"]

1. Nf3 d5 2. g3 g6 3. Bg2 Bg7 4. d4 Nf6 5. 0-0 c6 6. c4 dxc4 7. Ne5 Ng4 8. Nxg4 Bxg4 9. Be3 0-0 10. Na3 Be6 11. Rc1 Bd5 12. Nxc4 Bxg2 13. Kxg2 Qd5+ 14. Kg1 Nd7 15. a3 Nb6 16. Qd3 Rfd8 17. Rfd1 Nxc4 18. Rxc4 e5 19. dxe5 Qxd3 20. Rxd3 Rxd3 21. exd3 Bxe5 22. d4 Bg7 23. a4 Rd8 24. Rb4 b6 25. Rc4 Rd6 26. b4 f5 27. b5 cxb5 28. Rc8+ Kf7 29. Rc7+ Kg8 30. Rc8+ Kf7 31. Rc7+ Kg8 32. Rc8+ 1/2-1/2

[Event "Paris Blitz op"]
[Site "Paris"]
[Date "2023.03.05"]
[Round "2"]
[White "Harsha, Bharathakoti"]
[Black "Macon, Arthur"]
[Result "1/2-1/2"]
[WhiteElo "2608"]
[BlackElo "2330"]
[PlyCount "88"]
[EventDate "2023.03.05"]
[EventType "swiss (blitz)"]
[EventRounds "11"]
[EventCountry "FRA"]
[SourceTitle "CBM 213 Extra"]
[Source "ChessBase"]
[SourceDate "2023.05.31"]
[SourceVersion "1"]
[SourceVersionDate "2023.05.31"]
[SourceQuality "1"]

1. d4 Nf6 2. c4 e6 3. Nf3 b6 4. a3 Bb7 5. Bf4 Be7 6. e3 0-0 7. h3 c5 8. Nc3 cxd4 9. Nxd4 d6 10. Bh2 a6 11. Nf3 Qc7 12. Be2 Nbd7 13. Rc1 Rfd8 14. 0-0 Rac8 15. b4 Qb8 16. Qb3 Qa8 17. Rfd1 d5 18. cxd5 Nxd5 19. Nb1 Rxc1 20. Rxc1 Rc8 21. Rd1 N7f6 22. Nd4 b5 23. Bf1 Nb6 24. Nd2 Bd5 25. Qb1 Ne4 26. Nxe4 Bxe4 27. Qb3 Bd5 28. Qb1 Be4 29. Qa2 Bd5 30. Qa1 Bf6 31. Bg3 h6 32. f3 Bc4 33. Bf2 Bxf1 34. Kxf1 Nc4 35. e4 a5 36. Qc3 axb4 37. axb4 Rd8 38. Qe1 Nb2 39. Rd2 Nc4 40. Rd1 Nb2 41. Rd2 Nc4 42. Rd1 Nb2 43. Rd2 Nc4 44. Rd1 Nb2 1/2-1/2

[Event "Noisiel op 8th"]
[Site "Noisiel"]
[Date "2023.02.22"]
[Round "8"]
[White "Macon, Arthur"]
[Black "Nguyen, Vincent1111"]
[Result "1-0"]
[WhiteElo "2327"]
[BlackElo "2172"]
[PlyCount "101"]
[EventDate "2023.02.18"]
[EventType "swiss"]
[EventRounds "9"]
[EventCountry "FRA"]
[SourceTitle "CBM 212 Extra"]
[Source "ChessBase"]
[SourceDate "2023.03.31"]
[SourceVersion "1"]
[SourceVersionDate "2023.03.31"]
[SourceQuality "1"]

1. Nf3 Nf6 2. g3 d5 3. Bg2 Bf5 4. 0-0 c6 5. d3 h6 6. Nbd2 e6 7. b3 Be7 8. Bb2 0-0 9. c4 a5 10. a3 Re8 11. Qc2 Na6 12. Bc3 Nd7 13. e4 dxe4 14. dxe4 Bh7 15. Qb2 Bf8 16. b4 axb4 17. axb4 Qc7 18. Rfd1 Red8 19. Bf1 c5 20. b5 Nb4 21. Ne1 Nb6 22. Be5 Qe7 23. Rxa8 Rxa8 24. Ra1 Rd8 25. Bc3 h5 26. h4 Rd7 27. Be2 Bg6 28. Nef3 f6 29. e5 f5 30. Bxb4 cxb4 31. Nb3 f4 32. gxf4 Bd3 33. Bxd3 Rxd3 34. Ng5 Nxc4 35. Qc2 Nb2 36. Qxb2 Qd7 37. Rf1 Qd5 38. Nc1 Ra3 39. Qc2 Bc5 40. Qh7+ Kf8 41. Qh8+ Ke7 42. Qxg7+ Kd8 43. Nf7+ Kc8 44. Nd6+ Kb8 45. Qg8+ Kc7 46. Qc8+ Kb6 47. Qd8+ Ka7 48. Nc8+ Ka8 49. Qxd5 exd5 50. Nd6 b3 51. Nd3 1-0

[Event "Noisiel op 8th"]
[Site "Noisiel"]
[Date "2023.02.22"]
[Round "7"]
[White "Vignesh, NR."]
[Black "Macon, Arthur"]
[Result "1-0"]
[WhiteElo "2490"]
[BlackElo "2327"]
[PlyCount "95"]
[EventDate "2023.02.18"]
[EventType "swiss"]
[EventRounds "9"]
[EventCountry "FRA"]
[SourceTitle "CBM 212 Extra"]
[Source "ChessBase"]
[SourceDate "2023.03.31"]
[SourceVersion "1"]
[SourceVersionDate "2023.03.31"]
[SourceQuality "1"]

1. e4 c6 2. d4 d5 3. e5 Bf5 4. Nd2 e6 5. Nb3 Nd7 6. Nf3 Ne7 7. Be2 Nc8 8. 0-0 Be7 9. Ne1 Bg6 10. Bd3 0-0 11. Bxg6 hxg6 12. Nd3 Qc7 13. Be3 Ncb6 14. f4 Nc4 15. Bf2 a5 16. a4 b5 17. h4 bxa4 18. Rxa4 Ndb6 19. Ra2 a4 20. Nbc5 Bxc5 21. dxc5 Nd7 22. Qe2 Rfb8 23. Rfa1 Ra5 24. Bd4 Rba8 25. h5 Nf8 26. g3 Qd8 27. Kg2 g5 28. Qg4 gxf4 29. gxf4 R5a7 30. Qe2 Qe7 31. Kh3 Kh8 32. Nb4 Qb7 33. Nd3 Qe7 34. Rg1 Nh7 35. Raa1 Rg8 36. Rg4 a3 37. b3 Nb2 38. Nf2 Raa8 39. Rag1 Qe8 40. Qe3 f5 41. exf6 Qxh5+ 42. Rh4 Qf5+ 43. Ng4 Ra7 44. Qc3 gxf6 45. Bxf6+ Rag7 46. Qe5 d4 47. Qxf5 exf5 48. Ne5 1-0

[Event "Noisiel op 8th"]
[Site "Noisiel"]
[Date "2023.02.21"]
[Round "5"]
[White "Macon, Arthur"]
[Black "Karsten, Jan"]
[Result "1/2-1/2"]
[WhiteElo "2327"]
[BlackElo "2153"]
[PlyCount "45"]
[EventDate "2023.02.18"]
[EventType "swiss"]
[EventRounds "9"]
[EventCountry "FRA"]
[SourceTitle "CBM 212 Extra"]
[Source "ChessBase"]
[SourceDate "2023.03.31"]
[SourceVersion "1"]
[SourceVersionDate "2023.03.31"]
[SourceQuality "1"]

1. Nf3 Nf6 2. g3 g6 3. d4 Bg7 4. Bg2 0-0 5. 0-0 d6 6. b3 c5 7. c4 d5 8. Bb2 dxc4 9. bxc4 cxd4 10. Nxd4 Nc6 11. Nxc6 bxc6 12. Nd2 Qc7 13. Nf3 Rd8 14. Qa4 Ne4 15. Bxg7 Kxg7 16. Qc2 Nf6 17. Qc3 c5 18. Ne5 Bb7 19. Bxb7 Qxb7 20. Nd3 Qe4 21. Nxc5 Qd4 22. Qxd4 Rxd4 23. Rfd1 1/2-1/2

[Event "Noisiel op 8th"]
[Site "Noisiel"]
[Date "2023.02.19"]
[Round "3"]
[White "Macon, Arthur"]
[Black "Iniyan, Panneerseluam"]
[Result "0-1"]
[WhiteElo "2327"]
[BlackElo "2514"]
[PlyCount "52"]
[EventDate "2023.02.18"]
[EventType "swiss"]
[EventRounds "9"]
[EventCountry "FRA"]
[SourceTitle "CBM 212 Extra"]
[Source "ChessBase"]
[SourceDate "2023.03.31"]
[SourceVersion "1"]
[SourceVersionDate "2023.03.31"]
[SourceQuality "1"]

1. Nf3 Nf6 2. g3 g6 3. b3 Bg7 4. Bb2 d6 5. d4 c5 6. c4 Ne4 7. Nfd2 Qa5 8. Bg2 Nxd2 9. Bc3 Qb6 10. dxc5 Nxb1 11. Bxg7 Qb4+ 12. Kf1 Rg8 13. Bh6 Na3 14. cxd6 Qxd6 15. Qxd6 exd6 16. Be4 Na6 17. Kg2 Nc5 18. Bf3 a5 19. Rad1 Ke7 20. Bc1 Nc2 21. Bf4 Ra6 22. Rd2 Na3 23. Rhd1 Rd8 24. Be3 Ne6 25. c5 Nb5 26. a4 Nbc7 0-1

[Event "Paris-ch IdF"]
[Site "Paris"]
[Date "2022.07.17"]
[Round "9"]
[White "Defromont, Benjamin"]
[Black "Macon, Arthur"]
[Result "1/2-1/2"]
[WhiteElo "2268"]
[BlackElo "2339"]
[PlyCount "43"]
[EventDate "2022.07.12"]
[EventType "swiss"]
[EventRounds "9"]
[EventCountry "FRA"]
[SourceTitle "CBM 209 Extra"]
[Source "ChessBase"]
[SourceDate "2022.09.30"]
[SourceVersion "1"]
[SourceVersionDate "2022.09.30"]
[SourceQuality "1"]

1. e4 c6 2. Nf3 d5 3. Nc3 Bg4 4. h3 Bxf3 5. Qxf3 Nf6 6. d4 dxe4 7. Qe3 g6 8. Nxe4 Bg7 9. Nxf6+ Bxf6 10. c3 0-0 11. Bc4 Nd7 12. 0-0 e5 13. dxe5 Nxe5 14. Bb3 Qa5 15. Qg3 Rad8 16. Bh6 Bg7 17. Bxg7 Kxg7 18. Rad1 Qc5 19. Rfe1 Rxd1 20. Rxd1 Re8 21. Rd4 Re7 22. Kh2 1/2-1/2

[Event "Paris-ch IdF"]
[Site "Paris"]
[Date "2022.07.14"]
[Round "4"]
[White "Sidhant, Mohapatra"]
[Black "Macon, Arthur"]
[Result "1-0"]
[WhiteElo "2315"]
[BlackElo "2339"]
[PlyCount "53"]
[EventDate "2022.07.12"]
[EventType "swiss"]
[EventRounds "9"]
[EventCountry "FRA"]
[SourceTitle "CBM 209 Extra"]
[Source "ChessBase"]
[SourceDate "2022.09.30"]
[SourceVersion "1"]
[SourceVersionDate "2022.09.30"]
[SourceQuality "1"]

1. Nf3 Nf6 2. d4 e6 3. Bf4 c5 4. e3 Nc6 5. Nbd2 d5 6. c3 Bd6 7. Bg3 0-0 8. Bb5 Ne7 9. Bd3 b6 10. e4 Bxg3 11. hxg3 Ng6 12. e5 Nd7 13. Nh4 f5 14. Nxg6 hxg6 15. f4 Kf7 16. Nf3 Rh8 17. Rxh8 Qxh8 18. Qa4 Qe8 19. Ng5+ Kg8 20. Bb5 a6 21. Bc6 Rb8 22. Kf2 Qe7 23. Qd1 Nf8 24. Qh1 cxd4 25. Qh4 dxc3 26. Rh1 Qc5+ 27. Kf3 1-0

[Event "FRA-ch Blitz Online Qual"]
[Site "Europe Echecs INT"]
[Date "2020.05.16"]
[Round "8"]
[White "Bellahcene, Bilel"]
[Black "Macon, Arthur"]
[Result "1-0"]
[WhiteElo "2501"]
[BlackElo "2310"]
[PlyCount "159"]
[EventDate "2020.05.16"]
[EventType "swiss (blitz)"]
[EventRounds "15"]
[EventCountry "FRA"]
[SourceTitle "CBM 196 Extra"]
[Source "ChessBase"]
[SourceDate "2020.07.31"]
[SourceVersion "1"]
[SourceVersionDate "2020.07.31"]
[SourceQuality "1"]

1. e4 c6 2. d4 d5 3. e5 Bf5 4. h4 h5 5. Bd3 Bxd3 6. Qxd3 e6 7. Bg5 Qa5+ 8. Nd2 Qa6 9. c4 Nd7 10. Ne2 Bb4 11. b3 Ne7 12. 0-0 Nf5 13. Ng3 Nxg3 14. Qxg3 g6 15. a3 Bxd2 16. Bxd2 0-0 17. Rfc1 Rac8 18. a4 Qb6 19. Qd3 Qd8 20. Bg5 Qa5 21. Rab1 a6 22. c5 Qc7 23. b4 Ra8 24. Qd2 b6 25. cxb6 Nxb6 26. Bf6 Kh7 27. g4 Nd7 28. Be7 Rfe8 29. Bd6 Qd8 30. g5 Rc8 31. Qe2 Qb6 32. Rd1 Kg8 33. Rd3 Qb7 34. Rc3 Nb6 35. Rbc1 Nc4 36. Rxc4 dxc4 37. Qxc4 Qd7 38. Qxa6 Ra8 39. Qxc6 Qxc6 40. Rxc6 Rxa4 41. Bc5 Ra1+ 42. Kg2 Rb1 43. Rb6 Rd8 44. b5 Rd1 45. Rd6 Rb8 46. b6 Rb1 47. Rc6 Kg7 48. Kf3 Rb2 49. Ke3 Kg8 50. f3 Kg7 51. Ke4 Rb1 52. Rd6 Kg8 53. d5 Re1+ 54. Kf4 Rd1 55. dxe6 Rxd6 56. exf7+ Kxf7 57. exd6 Ke6 58. Ke4 Kd7 59. Kd5 Rf8 60. Be3 Rf5+ 61. Ke4 Rf8 62. Ke5 Re8+ 63. Kd4 Kxd6 64. f4 Kc6 65. Kd3 Rf8 66. Ke4 Rf5 67. Bd4 Rf7 68. Ke3 Rf5 69. Ke4 Rf7 70. Bf6 Kxb6 71. f5 gxf5+ 72. Kxf5 Kc6 73. g6 Rf8 74. g7 Rg8 75. Ke6 Kc5 76. Kf7 Rc8 77. g8Q Rxg8 78. Kxg8 Kd6 79. Kg7 Ke6 80. Kg6 1-0

[Event "FRA-ch Blitz Online Qual"]
[Site "Europe Echecs INT"]
[Date "2020.05.16"]
[Round "10"]
[White "Degardin, Sylvain"]
[Black "Macon, Arthur"]
[Result "1-0"]
[WhiteElo "2267"]
[BlackElo "2310"]
[PlyCount "87"]
[EventDate "2020.05.16"]
[EventType "swiss (blitz)"]
[EventRounds "15"]
[EventCountry "FRA"]
[SourceTitle "CBM 196 Extra"]
[Source "ChessBase"]
[SourceDate "2020.07.31"]
[SourceVersion "1"]
[SourceVersionDate "2020.07.31"]
[SourceQuality "1"]

1. e4 c6 2. d4 d5 3. e5 Bf5 4. Nf3 e6 5. Be2 Nd7 6. 0-0 h6 7. Nbd2 Ne7 8. Nb3 Nc8 9. Bd2 Be7 10. a4 0-0 11. a5 a6 12. c4 dxc4 13. Bxc4 Na7 14. Qe2 Nb5 15. Be3 Qc7 16. Rfc1 Rac8 17. Ne1 Rfd8 18. Nd3 Bxd3 19. Bxd3 Nf8 20. Be4 Qd7 21. Rd1 Nc7 22. Qg4 Kh8 23. Qh5 Ng6 24. Bxh6 Kg8 25. Bxg6 fxg6 26. Qxg6 Bf8 27. Bg5 Re8 28. Rd3 Qf7 29. Qxf7+ Kxf7 30. Nd2 Nd5 31. Nf1 c5 32. Ne3 Nb4 33. Rdd1 Nc6 34. d5 Nxe5 35. d6 Nd7 36. Nc4 e5 37. Bh4 Rc6 38. Rd5 Re6 39. Rad1 g6 40. h3 Bg7 41. Nb6 Nxb6 42. axb6 Bf6 43. Bxf6 Kxf6 44. d7 1-0

[Event "FRA-ch Blitz Online Qual"]
[Site "Europe Echecs INT"]
[Date "2020.05.16"]
[Round "4"]
[White "Edouard, Romain"]
[Black "Macon, Arthur"]
[Result "1-0"]
[WhiteElo "2649"]
[BlackElo "2310"]
[PlyCount "109"]
[EventDate "2020.05.16"]
[EventType "swiss (blitz)"]
[EventRounds "15"]
[EventCountry "FRA"]
[SourceTitle "CBM 196 Extra"]
[Source "ChessBase"]
[SourceDate "2020.07.31"]
[SourceVersion "1"]
[SourceVersionDate "2020.07.31"]
[SourceQuality "1"]

1. d4 Nf6 2. c4 e6 3. Nc3 d5 4. Nf3 Be7 5. Bf4 0-0 6. Rc1 c6 7. e3 Nbd7 8. Bd3 dxc4 9. Bxc4 b5 10. Bd3 Bb7 11. 0-0 a6 12. Ne4 Nxe4 13. Bxe4 Rc8 14. Ne5 Nxe5 15. Bxe5 Qd7 16. Qh5 f5 17. Bf3 c5 18. dxc5 Rxc5 19. Rcd1 Qc8 20. Bd6 Bxd6 21. Rxd6 Bxf3 22. Qxf3 Rd8 23. Rxd8+ Qxd8 24. g3 Qd5 25. Qf4 Qe5 26. Qh4 Qf6 27. Qh5 g6 28. Qf3 Qe5 29. Qa8+ Kg7 30. Qxa6 Qc7 31. b4 Rc1 32. Qxb5 Rxf1+ 33. Kxf1 Qc1+ 34. Kg2 Qd2 35. a4 g5 36. a5 h6 37. a6 f4 38. gxf4 gxf4 39. Qe5+ Kh7 40. Qxf4 Qd5+ 41. e4 Qa8 42. Qf7+ Kh8 43. Qb7 Qg8+ 44. Kf3 Qf8+ 45. Ke3 e5 46. a7 Qf4+ 47. Kd3 Qf3+ 48. Kc4 Qe2+ 49. Kc5 Qxf2+ 50. Kc6 Qc2+ 51. Kd7 Qd3+ 52. Ke8 Qd6 53. a8Q Qe6+ 54. Qe7 Qg8+ 55. Qf8 1-0

[Event "FRA-ch Blitz Online Qual"]
[Site "Europe Echecs INT"]
[Date "2020.05.16"]
[Round "5"]
[White "Macon, Arthur"]
[Black "Maccagnan, Tomas"]
[Result "1-0"]
[WhiteElo "2310"]
[BlackElo "1968"]
[PlyCount "99"]
[EventDate "2020.05.16"]
[EventType "swiss (blitz)"]
[EventRounds "15"]
[EventCountry "FRA"]
[SourceTitle "CBM 196 Extra"]
[Source "ChessBase"]
[SourceDate "2020.07.31"]
[SourceVersion "1"]
[SourceVersionDate "2020.07.31"]
[SourceQuality "1"]

1. Nf3 c5 2. g3 Nc6 3. Bg2 Nf6 4. 0-0 e5 5. d3 d5 6. Nbd2 Bd6 7. e4 0-0 8. Re1 h6 9. exd5 Nxd5 10. Nc4 f6 11. Nxd6 Qxd6 12. c3 Be6 13. d4 cxd4 14. cxd4 exd4 15. Nxd4 Nxd4 16. Qxd4 Rfd8 17. Bd2 Bf7 18. Rad1 Qb6 19. Qxb6 axb6 20. a3 Rac8 21. Rc1 f5 22. Bh3 g6 23. Bxh6 Re8 24. Rxe8+ Rxe8 25. Bf1 Nf6 26. Be3 Nd5 27. Bg5 Re4 28. h4 Kg7 29. Bd2 f4 30. Bg2 Rd4 31. Bxd5 Rxd2 32. Bxf7 Kxf7 33. Rc7+ Kf6 34. Rxb7 Rxb2 35. g4 Rb3 36. a4 Rb4 37. Kg2 Rxa4 38. Rxb6+ Kg7 39. Kf3 Rd4 40. Re6 Rc4 41. Re4 Rc3+ 42. Kxf4 Rc2 43. Kg3 Rc3+ 44. f3 Rc1 45. Ra4 Rg1+ 46. Kf4 Rh1 47. Kg5 Rc1 48. Ra7+ Kg8 49. Kxg6 Rc6+ 50. Kh5 1-0

[Event "Noisiel op 5th"]
[Site "Noisiel"]
[Date "2020.02.17"]
[Round "4"]
[White "Gherghinoiu, Lucas"]
[Black "Macon, Arthur"]
[Result "0-1"]
[WhiteElo "2120"]
[BlackElo "2343"]
[PlyCount "96"]
[EventDate "2020.02.15"]
[EventType "swiss"]
[EventRounds "9"]
[EventCountry "FRA"]
[SourceTitle "CBM 195 Extra"]
[Source "ChessBase"]
[SourceDate "2020.05.31"]
[SourceVersion "1"]
[SourceVersionDate "2020.05.31"]
[SourceQuality "1"]

1. e4 c6 2. d4 d5 3. exd5 cxd5 4. Bd3 Nc6 5. c3 Qc7 6. h3 g6 7. Nf3 Bf5 8. Bxf5 gxf5 9. 0-0 Nf6 10. Re1 e6 11. Nbd2 0-0-0 12. b4 Ne4 13. Bb2 Rg8 14. Qe2 Bh6 15. a4 Nxd2 16. Nxd2 Rg7 17. Kh1 Rdg8 18. Rg1 Qf4 19. Nf3 Qd6 20. Ba3 Qc7 21. c4 dxc4 22. Qxc4 Ne7 23. Qb3 Kb8 24. d5 Nxd5 25. Bb2 f6 26. Nd4 Qd7 27. Rad1 Rd8 28. Rge1 e5 29. Nxf5 Qxf5 30. Rxd5 Rc8 31. Rf1 Qe4 32. Qf3 Qxf3 33. gxf3 Rc2 34. Ba1 Rc4 35. Rxe5 fxe5 36. Bxe5+ Kc8 37. Bxg7 Bxg7 38. Rg1 Bd4 39. Rg4 Rxb4 40. Rh4 Rxa4 41. Rxh7 Bxf2 42. Kg2 Bh4 43. Kf1 a5 44. Ke2 Bd8 45. Ke3 Rh4 46. Rf7 Rxh3 47. Kd2 Rh6 48. Kc2 Rf6 0-1

[Event "Agneaux St Lo op 15th"]
[Site "Agneaux"]
[Date "2013.07.12"]
[Round "7"]
[White "Banzea, Alexandru Bogdan"]
[Black "Macon, Arthur"]
[Result "0-1"]
[WhiteElo "1856"]
[BlackElo "2140"]
[PlyCount "56"]
[EventDate "2013.07.07"]
[EventType "swiss"]
[EventRounds "9"]
[EventCountry "FRA"]
[SourceTitle "EXT 2014"]
[Source "ChessBase"]
[SourceDate "2013.11.20"]
[SourceVersion "1"]
[SourceVersionDate "2013.11.20"]
[SourceQuality "1"]

1. e4 e6 2. d4 d5 3. Nd2 Nf6 4. e5 Nfd7 5. Bd3 c5 6. c3 Nc6 7. Ne2 cxd4 8. cxd4 f6 9. exf6 Nxf6 10. Nf3 Bd6 11. Nc3 0-0 12. 0-0 a6 13. Bg5 Qc7 14. Bh4 Nh5 15. Rc1 g6 16. Bb1 Qg7 17. Bg3 Nxg3 18. hxg3 g5 19. Re1 Bd7 20. Rc2 Rf7 21. Rce2 Raf8 22. Qd2 Rxf3 23. gxf3 Nxd4 24. Re3 Nxf3+ 25. Rxf3 Rxf3 26. Nxd5 Bc5 27. Ne3 Bc6 28. Nd1 Rxg3+ 0-1

[Event "Agneaux St Lo op 15th"]
[Site "Agneaux"]
[Date "2013.07.08"]
[Round "3"]
[White "Carlier, Nathan"]
[Black "Macon, Arthur"]
[Result "1/2-1/2"]
[WhiteElo "1467"]
[BlackElo "2140"]
[PlyCount "140"]
[EventDate "2013.07.07"]
[EventType "swiss"]
[EventRounds "9"]
[EventCountry "FRA"]
[SourceTitle "EXT 2014"]
[Source "ChessBase"]
[SourceDate "2013.11.20"]
[SourceVersion "1"]
[SourceVersionDate "2013.11.20"]
[SourceQuality "1"]

1. e4 c6 2. d4 d5 3. exd5 cxd5 4. c3 Nc6 5. Bd3 Qc7 6. Be3 Nf6 7. Nd2 Bg4 8. Qc2 e6 9. Ngf3 Be7 10. 0-0 Bh5 11. Bb5 0-0 12. Bg5 Rfc8 13. Bxc6 Qxc6 14. Ne5 Qc7 15. Rfe1 Bg6 16. Nxg6 hxg6 17. Qd3 Rab8 18. Bxf6 Bxf6 19. Qg3 Qxg3 20. hxg3 b5 21. a3 a5 22. Nf3 Kf8 23. Kf1 b4 24. axb4 axb4 25. Rec1 bxc3 26. Rxc3 Rxc3 27. bxc3 Rc8 28. Rc1 g5 29. g4 Rc4 30. Ke2 Bd8 31. Kd3 Ba5 32. Ne5 Ra4 33. Rh1 Kg8 34. Nc6 Ra3 35. Rc1 Bc7 36. Rc2 g6 37. Rb2 Ra1 38. Rb7 Bd6 39. Nd8 f6 40. Nxe6 Re1 41. Nc5 Rd1+ 42. Ke2 Rg1 43. Rd7 Bf8 44. Rxd5 Rxg2 45. Kf3 Rh2 46. Ne4 Be7 47. c4 Kf7 48. Rb5 Rh3+ 49. Ke2 Ra3 50. d5 f5 51. gxf5 gxf5 52. Nd2 Rc3 53. Rb3 Rc1 54. Kd3 Bc5 55. f3 Kf6 56. Rb1 Rxb1 57. Nxb1 g4 58. fxg4 fxg4 59. Nd2 Ke5 60. Ne4 Bf8 61. Nf2 g3 62. Nh3 Bc5 63. Ke2 Ke4 64. Kf1 Kd4 65. Kg2 Bd6 66. Kf3 Kxc4 67. Ng1 Kd3 68. Ne2 Kc4 69. Nxg3 Bxg3 70. Kxg3 Kxd5 1/2-1/2